01012nam a2200253 a 4500008004100000020001500041050001600056100002500072245006800097246003900165260004500204300002100249350000900270500001700279650003800296650003900334650004400373650001400417650006400431700001800495995009600513999001700609952013200626120416s1993 ||||||||||||||||| || u a1555873987 aHF 1413 Dev aGlover, David, 1953-14aThe developing countries in world tradecedited by Diana Tussie apolicies and bargaining strategies aBoulder, [Colorado]bLynne Riennerc1993 axi, 266p. : ill. a0.00 aBibliography aFree trade - Developing countries 0aINTERNATIONAL ECONOMIC INTEGRATION aDEVELOPING COUNTRIES--COMMERCIAL POLICY 0aECONOMICS 0aINTERNATIONAL ECONOMIC RELATIONS--HANDBOOKS, MANUALS, E.T.C aTussie, Diana D0.00FCBU-MAIN LIBRARY (Kitwe)H1I26.50M1UAVAILABLEZMain Library Open Access Collection c39890d39890 00102lcc4070a001b001cMain Library Open Access Collectiond2022-11-30l0oHF 1413 Devp005821r2022-11-30w2022-11-30y002